Capitals Without the Letters of “Manama" - Statistics

General Stats
  • This quiz has been taken 4 times
  • The average score is 9 of 16
Answer Stats
Continents Capitals % Correct
South America Quito
100%
South America Sucre
100%
Asia Dili
67%
Africa Djibouti
67%
Europe Kiev
67%
Europe Oslo
67%
Asia Seoul
67%
Asia Tokyo
67%
Asia Beirut
33%
Asia Bishkek
33%
Europe Brussels
33%
Africa Libreville
33%
Africa Port Louis
33%
Europe Skopje
33%
Asia Tbilisi
33%
Africa Tripoli
33%
No matching quizzes found
Score Distribution
Percent of People with Each Score
Percentile by Number Answered
Your Score History
You have not taken this quiz